| 000 | 00653nam a22001695i 4500 | ||
|---|---|---|---|
| 001 | 151806 | ||
| 003 | ES-MaACL | ||
| 005 | 20230906204406.0 | ||
| 008 | 010725s1886 it |||| | ita d | ||
| 040 |
_aCCPB | B _bspa _cCCPB | B |
||
| 100 | 1 |
_aBellono, Edoardo. _927269 |
|
| 245 | 1 | 0 |
_aNote alle leggi sulle espropriazioni per causa si utilità pubblica _b: 25 giugno 1865-18 dicembre 1879-15 gennaio 1885 : disposizioni generali / _cper l'avvocato Edoardo Bellono. |
| 260 |
_aTorino ; _aNapoli : _bRoux e Favale, _c1886. |
||
| 300 |
_a239 p. ; _c23 cm. |
||
| 650 | 4 |
_aExpropiación forzosa- _zItalia. _9147716 |
|
| 852 |
_aES-MaACL _jF-8335 _z-- Rúst. |
||
| 999 |
_c151806 _d151806 |
||